Role-based access control / (Record no. 20313)
[ view plain ]
| 000 -LEADER | |
|---|---|
| fixed length control field | 01046cam a22003015a 4500 |
| 001 - CONTROL NUMBER | |
| control field | 14831239 |
| 005 - DATE AND TIME OF LATEST TRANSACTION | |
| control field | 20201128021426.0 |
| 008 - FIXED-LENGTH DATA ELEMENTS--GENERAL INFORMATION | |
| fixed length control field | 070502t2007 maua frb 001 0 eng d |
| 020 ## - INTERNATIONAL STANDARD BOOK NUMBER | |
| International Standard Book Number | 9781596931138 |
| 040 ## - CATALOGING SOURCE | |
| Original cataloging agency | VYR |
| Transcribing agency | VYR |
| Modifying agency | YDXCP |
| -- | UKM |
| -- | U3G |
| -- | BAKER |
| -- | DLC |
| -- | EG-ScBUE |
| Language of cataloging | eng |
| 082 04 - DEWEY DECIMAL CLASSIFICATION NUMBER | |
| Classification number | 005.8 |
| Edition number | 22 |
| Item number | FER |
| 100 1# - MAIN ENTRY--PERSONAL NAME | |
| Personal name | Ferraiolo, David. |
| 9 (RLIN) | 39133 |
| 245 10 - TITLE STATEMENT | |
| Title | Role-based access control / |
| Statement of responsibility, etc | David F. Ferraiolo, D. Richard Kuhn, Ramaswamy Chandramouli. |
| 250 ## - EDITION STATEMENT | |
| Edition statement | 2nd ed. |
| 260 ## - PUBLICATION, DISTRIBUTION, ETC. (IMPRINT) | |
| Place of publication, distribution, etc | Norwood : |
| Name of publisher, distributor, etc | Artech House, |
| Date of publication, distribution, etc | c.2007. |
| 300 ## - PHYSICAL DESCRIPTION | |
| Extent | xix, 381 p. : |
| Other physical details | ill. ; |
| Dimensions | 24 cm. |
| 490 0# - SERIES STATEMENT | |
| Series statement | Information security and privacy series. |
| 500 ## - GENERAL NOTE | |
| General note | Index : p. 371-381. |
| 504 ## - BIBLIOGRAPHY, ETC. NOTE | |
| Bibliography, etc | Includes bibliographical references. |
| 650 #7 - SUBJECT ADDED ENTRY--TOPICAL TERM | |
| Topical term or geographic name as entry element | Computers |
| General subdivision | Access control. |
| Source of heading or term | BUEsh |
| 9 (RLIN) | 22550 |
| 650 #7 - SUBJECT ADDED ENTRY--TOPICAL TERM | |
| Topical term or geographic name as entry element | Computer security. |
| Source of heading or term | BUEsh |
| 9 (RLIN) | 2637 |
| 650 #7 - SUBJECT ADDED ENTRY--TOPICAL TERM | |
| Topical term or geographic name as entry element | Computer networks |
| General subdivision | Access control. |
| Source of heading or term | BUEsh |
| 9 (RLIN) | 39134 |
| 651 ## - SUBJECT ADDED ENTRY--GEOGRAPHIC NAME | |
| Source of heading or term | BUEsh |
| 653 ## - INDEX TERM--UNCONTROLLED | |
| Resource For college | Informatics and Computer Science |
| Arrived date list | July2015 |
| -- | January2016 |
| -- | January2016 |
| 700 1# - ADDED ENTRY--PERSONAL NAME | |
| Personal name | Kuhn, D. Richard |
| 700 1# - ADDED ENTRY--PERSONAL NAME | |
| Personal name | Chandramouli, Ramaswamy |
| 942 ## - ADDED ENTRY ELEMENTS (KOHA) | |
| Source of classification or shelving scheme | Dewey Decimal Classification |
| Withdrawn status | Lost status | Source of classification or shelving scheme | Damaged status | Not for loan | Koha collection | Home library | Current library | Shelving location | Date acquired | Source of acquisition | Cost, normal purchase price | Serial Enumeration / chronology | Total Checkouts | Full call number | Barcode | Date last seen | Cost, replacement price | Koha item type |
|---|---|---|---|---|---|---|---|---|---|---|---|---|---|---|---|---|---|---|
| Dewey Decimal Classification | Baccah | Central Library | Central Library | Lower Floor | 08/07/2015 | Purchase | 876.00 | 21782 | 005.8 FER | 000039472 | 15/07/2025 | 1095.00 | Book - Borrowing | |||||
| Dewey Decimal Classification | Baccah | Central Library | Central Library | Lower Floor | 08/07/2015 | Purchase | 876.00 | 21782 | 005.8 FER | 000039471 | 15/07/2025 | 1095.00 | Book - Borrowing |